[Event "Koblenz-ch"]
[Site "Koblenz"]
[Date "1999.10.26"]
[Round "5"]
[White "Vieweg, Mark"]
[Black "Weidmann, Joachim"]
[Result "1-0"]
[WhiteElo "1770"]
[BlackElo "1610"]
[PlyCount "69"]
[EventDate "1999.08.31"]
[EventType "swiss"]
[EventRounds "7"]
[EventCountry "GER"]
[SourceTitle "EXT 2005"]
[Source "ChessBase"]
[SourceDate "2004.11.15"]
[SourceVersion "1"]
[SourceVersionDate "2004.11.15"]
[SourceQuality "1"]

1. d4 Nf6 2. Nd2 d5 3. f4 g6 4. Ngf3 Bg7 5. e3 0-0 6. Bd3 Bg4 7. 0-0 Nbd7 8. Qe1 Bxf3 9. Rxf3 c5 10. c3 e6 11. b3 Qa5 12. Bb2 Rac8 13. Rh3 cxd4 14. exd4 Rc7 15. Nf3 Rfc8 16. b4 Qb6 17. Ne5 Nf8 18. Kh1 a6 19. g4 N6d7 20. f5 Nxe5 21. dxe5 exf5 22. gxf5 Re8 23. fxg6 fxg6 24. Re3 Rce7 25. c4 d4 26. c5 Qc6+ 27. Be4 Qd7 28. Rd1 Bxe5 29. Bg2 Bg7 30. Rxe7 Rxe7 31. Qf1 Rf7 32. Qc4 Ne6 33. Bd5 Qa4 34. Re1 b5 35. cxb6 1-0

[Event "Koblenz-ch"]
[Site "Koblenz"]
[Date "1999.10.05"]
[Round "3"]
[White "Vieweg, Mark"]
[Black "Lehr, Thomas"]
[Result "0-1"]
[WhiteElo "1770"]
[BlackElo "1900"]
[PlyCount "59"]
[EventDate "1999.08.31"]
[EventType "swiss"]
[EventRounds "7"]
[EventCountry "GER"]
[SourceTitle "EXT 2005"]
[Source "ChessBase"]
[SourceDate "2004.11.15"]
[SourceVersion "1"]
[SourceVersionDate "2004.11.15"]
[SourceQuality "1"]

1. d4 Nf6 2. f4 d5 3. Nf3 e6 4. e3 c5 5. c3 Nc6 6. Bd3 Ne4 7. 0-0 f5 8. Ne5 Nxe5 9. fxe5 h5 10. Nd2 Nxd2 11. Bxd2 Bd7 12. Be2 g6 13. h3 Bc6 14. Rf4 Qb6 15. g4 hxg4 16. hxg4 0-0-0 17. b4 cxb4 18. cxb4 Qc7 19. Qf1 Qh7 20. Qg2 Qh3 21. Qxh3 Rxh3 22. Kg2 Rh7 23. b5 Bd7 24. Rh1 Rxh1 25. Kxh1 Be7 26. Kg2 Rh8 27. Rf1 b6 28. Rh1 Rxh1 29. Kxh1 a6 30. bxa6 0-1

[Event "Koblenz-ch"]
[Site "Koblenz"]
[Date "1997.11.18"]
[Round "7"]
[White "Huebsch, Hans"]
[Black "Vieweg, Mark"]
[Result "0-1"]
[WhiteElo "1588"]
[BlackElo "1714"]
[PlyCount "46"]
[EventDate "1997.09.16"]
[EventType "swiss"]
[EventRounds "7"]
[EventCountry "GER"]
[SourceTitle "EXT 2005"]
[Source "ChessBase"]
[SourceDate "2004.11.15"]
[SourceVersion "1"]
[SourceVersionDate "2004.11.15"]
[SourceQuality "1"]

1. b3 d5 2. Bb2 c5 3. e3 e6 4. Bb5+ Bd7 5. Bxd7+ Nxd7 6. Nf3 Ngf6 7. d3 b5 8. Nbd2 Be7 9. Ne5 Nxe5 10. Bxe5 0-0 11. 0-0 Nd7 12. Bb2 Bf6 13. Bxf6 Nxf6 14. c4 a6 15. f3 Qc7 16. Qc2 Rfd8 17. a4 b4 18. Rad1 Qe5 19. e4 Qc3 20. Qb1 Rd7 21. Rf2 Rad8 22. h3 dxe4 23. dxe4 Rxd2 0-1